Ruins of identity : ethnogenesis in the Japanese Islands /
Saved in:
| Main Author: | |
|---|---|
| Format: | Book |
| Language: | English |
| Published: |
Honolulu :
University of Hawaii'i Press,
c1999.
|
| Subjects: | |
| Tags: |
Add Tag
No Tags, Be the first to tag this record!
|
| LEADER | 00945cam a22003014a 4500 | ||
|---|---|---|---|
| 001 | 008166320-X | ||
| 005 | 20131113045533.0 | ||
| 008 | 990126s1999 hiuab b 001 0 eng | ||
| 010 | |a 99011829 | ||
| 020 | |a 0824819306 (cloth : alk. paper) | ||
| 020 | |a 0824821564 (paper : alk. paper) | ||
| 035 | 0 | |a ocm40813265 | |
| 040 | |a DLC |c DLC |d DLC | ||
| 042 | |a pcc | ||
| 043 | |a a-ja--- | ||
| 050 | 0 | 0 | |a DS830 |b .H83 1999 |
| 082 | 0 | 0 | |a 952 |2 21 |
| 100 | 1 | |a Hudson, Mark, |d 1963- | |
| 245 | 1 | 0 | |a Ruins of identity : |b ethnogenesis in the Japanese Islands / |c Mark J. Hudson. |
| 260 | |a Honolulu : |b University of Hawaii'i Press, |c c1999. | ||
| 300 | |a ix, 323 p. : |b ill., maps ; |c 24 cm. | ||
| 504 | |a Includes bibliographical references (p. [255]-318) and index. | ||
| 650 | 0 | |a Ethnology |z Japan. | |
| 650 | 0 | |a Japanese |x Origin. | |
| 651 | 0 | |a Japan |x Civilization |y To 1600. | |
| 730 | 0 | |a Project Muse UPCC books |5 net | |
| 988 | |a 20020608 | ||
| 906 | |0 DLC | ||


